000 00319nam a22001337a 4500
008 170926b xxu||||| |||| 00| 0 eng d
020 _a9780023692413
041 _aeng
080 _24 ED
_a37
100 _a46
101 _aEDU
245 _aPRACTICAL RESEARCH PLANNING AND DSESIGN
_cLEEDY.P.D
942 _2udc
_cBK
999 _c30054
_d30054